[Event "Bronshoj Lang Weekend 2015"]
[Site "Copenhagen"]
[Date "2015.02.08"]
[Round "5"]
[White "Eriksson, Christian Altenburg"]
[Black "Nielsen, Thomas Bach"]
[Result "1/2-1/2"]
[WhiteElo "2147"]
[BlackElo "2198"]
[PlyCount "209"]
[EventDate "2015.??.??"]
[EventType "swiss"]
[EventRounds "7"]
[EventCountry "DEN"]

1. e4 c6 2. d4 d5 3. e5 Bf5 4. Nf3 e6 5. Be2 Ne7 6. Nbd2 Nd7 7. Nh4 Bg6 8. Nxg6
hxg6 9. Nf3 c5 10. c3 Nc6 11. O-O Be7 12. g3 cxd4 13. cxd4 Qb6 14. h4 a6 15.
Rb1 Rc8 16. Kg2 Na5 17. Bg5 Nc6 18. Bxe7 Nxe7 19. Qd2 Nf5 20. Rfc1 O-O 21. Rxc8
Rxc8 22. Rh1 Qc6 23. Bd3 Qa4 24. Bb1 Qc4 25. b3 Qc3 26. Qf4 f6 27. exf6 gxf6
28. Bxf5 gxf5 29. Qh6 Kf7 30. Qh7+ Ke8 31. h5 Qd3 32. Re1 Rc6 33. Qg8+ Nf8 34.
Qg7 f4 35. Qxb7 Rc2 36. Qb8+ Ke7 37. Qxf4 Rxa2 38. Qc7+ Ke8 39. b4 Qc2 40. Qb8+
Ke7 41. Rf1 Ra3 42. Qf4 Qe4 43. Rc1 Qxf4 44. gxf4 Kd7 45. Rc5 Ra4 46. b5 axb5
47. Rxb5 Ra7 48. Rb8 Ke7 49. Nh4 Kf7 50. Nf3 Kg7 51. Re8 Rf7 52. Kg3 Kh6 53. f5
exf5 54. Kf4 Kxh5 55. Kxf5 Kh6 56. Rd8 Kg7 57. Rxd5 Ng6 58. Rd6 Ne7+ 59. Kf4
Ng6+ 60. Kf5 Ne7+ 61. Kg4 Ng6 62. Nh4 Nxh4 63. Kxh4 Kg6 64. Kg4 Re7 65. Kf4 Re2
66. f3 Re1 67. Rd8 Re2 68. Rg8+ Kf7 69. Rg1 Ke6 70. Rg8 Kf7 71. Rd8 Ke7 72. Ra8
Rd2 73. Ke3 Rd1 74. Ra6 Rb1 75. Ke4 Rb5 76. Rc6 Ra5 77. Rc5 Ra4 78. f4 Kd6 79.
Rd5+ Ke7 80. Rb5 Ra6 81. Rb7+ Kd6 82. Kf5 Kd5 83. Rd7+ Kc6 84. Rd8 Kc7 85. Rf8
Rd6 86. Rf7+ Kd8 87. Ke4 Ke8 88. Ra7 Kf8 89. d5 Ke8 90. Rc7 Rd8 91. Rh7 Rd6 92.
Kd4 Ra6 93. Ke4 Rd6 94. Rc7 Rd8 95. Kd4 Ra8 96. d6 Ra4+ 97. Rc4 Ra5 98. Rc7
Ra4+ 99. Kd5 Rxf4 100. Ke6 Re4+ 101. Kxf6 Kd8 102. Rh7 Re1 103. Re7 Rxe7 104.
dxe7+ Ke8 105. Ke6 1/2-1/2

[Event "Bronshoj Lang Weekend 2015"]
[Site "Copenhagen"]
[Date "2015.02.08"]
[Round "5"]
[White "Fredericia, Louise Winther"]
[Black "Christensen, Esben"]
[Result "1-0"]
[WhiteElo "2064"]
[BlackElo "2043"]
[PlyCount "59"]
[EventDate "2015.??.??"]
[EventType "swiss"]
[EventRounds "7"]
[EventCountry "DEN"]

1. e4 c5 2. Nc3 e6 3. g3 d5 4. Bg2 Nf6 5. d3 d4 6. Nce2 Be7 7. e5 Nd5 8. Nf3
Bd7 9. O-O Bc6 10. c4 dxc3 11. bxc3 O-O 12. c4 Nb4 13. Nf4 Qc7 14. a3 Bxf3 15.
Bxf3 N4c6 16. Rb1 Nd7 17. Bb2 Rab8 18. Bxc6 Qxc6 19. Qg4 Rfd8 20. Nh5 Bf8 21.
f4 g6 22. f5 exf5 23. Rxf5 Re8 24. Rbf1 Re7 25. Nf6+ Nxf6 26. Rxf6 Qd7 27. e6
fxe6 28. Qf4 Qe8 29. Rxf8+ Qxf8 30. Qe5 1-0

[Event "Bronshoj Lang Weekend 2015"]
[Site "Copenhagen"]
[Date "2015.02.08"]
[Round "5"]
[White "Fries Nielsen, Niels Jorgen"]
[Black "Surender, Anil"]
[Result "1-0"]
[WhiteElo "2324"]
[BlackElo "2062"]
[PlyCount "67"]
[EventDate "2015.??.??"]
[EventType "swiss"]
[EventRounds "7"]
[EventCountry "DEN"]

1. g3 g6 2. Bg2 Bg7 3. d4 d6 4. Nf3 Nd7 5. O-O Ngf6 6. Nc3 O-O 7. d5 Nc5 8. Be3
Nfe4 9. Nxe4 Nxe4 10. Bd4 Nf6 11. c4 c5 12. Bc3 a6 13. a4 Bd7 14. a5 b5 15.
axb6 Qxb6 16. Nd2 Rfb8 17. Ra2 Ne8 18. Ba5 Qb7 19. Qc2 Qc8 20. Rfa1 Bh3 21. Bc3
Bxg2 22. Kxg2 h5 23. h3 e5 24. Nb3 f5 25. Na5 Kf7 26. Nc6 Rb6 27. Ba5 Rxc6 28.
dxc6 Qxc6+ 29. f3 Nf6 30. Qa4 Qc8 31. Rd1 Qe6 32. Qc6 Qxc4 33. Qb7+ Ke6 34. b3
1-0

[Event "Bronshoj Lang Weekend 2015"]
[Site "Copenhagen"]
[Date "2015.02.08"]
[Round "5"]
[White "Gulbrandsen, Mats Lundh"]
[Black "Hansen, Thomas"]
[Result "0-1"]
[WhiteElo "1618"]
[BlackElo "1702"]
[PlyCount "50"]
[EventDate "2015.??.??"]
[EventType "swiss"]
[EventRounds "7"]
[EventCountry "DEN"]

1. d4 Nf6 2. c4 g6 3. Nc3 d5 4. Nf3 Bg7 5. Qc2 O-O 6. Bf4 c6 7. e4 dxe4 8. Nxe4
Nxe4 9. Qxe4 Bf5 10. Qe3 c5 11. Be5 cxd4 12. Nxd4 Qa5+ 13. Ke2 Qxe5 14. Qxe5
Bxe5 15. Nxf5 gxf5 16. Rb1 Nc6 17. g3 Rfd8 18. Bh3 e6 19. Kf3 Rd2 20. Rhg1 Rad8
21. Kg2 Rxb2 22. Rxb2 Bxb2 23. Rb1 Rd2 24. Kf3 Bd4 25. Rf1 Kg7 0-1

[Event "Bronshoj Lang Weekend 2015"]
[Site "Copenhagen"]
[Date "2015.02.08"]
[Round "5"]
[White "Hansen, John Laurids"]
[Black "Jorgensen, Mikkel"]
[Result "0-1"]
[WhiteElo "1876"]
[BlackElo "1889"]
[PlyCount "38"]
[EventDate "2015.??.??"]
[EventType "swiss"]
[EventRounds "7"]
[EventCountry "DEN"]

1. e4 e5 2. Nf3 Nc6 3. Bc4 Bc5 4. c3 Nf6 5. d4 exd4 6. cxd4 Bb4+ 7. Nbd2 d6 8.
O-O O-O 9. Re1 d5 10. exd5 Nxd5 11. a3 Bxd2 12. Bxd2 Bg4 13. Bc3 Qd7 14. h3 Bh5
15. Bb3 Rfe8 16. Qd3 Nf4 17. Qd1 Rxe1+ 18. Bxe1 Nxd4 19. Kf1 Qb5+ 0-1

[Event "Bronshoj Lang Weekend 2015"]
[Site "Copenhagen"]
[Date "2015.02.08"]
[Round "5"]
[White "Karlsson, Ulf"]
[Black "Jacobsen, Mikkel Manosri"]
[Result "1/2-1/2"]
[WhiteElo "2000"]
[BlackElo "2145"]
[PlyCount "53"]
[EventDate "2015.??.??"]
[EventType "swiss"]
[EventRounds "7"]
[EventCountry "DEN"]

1. e4 c6 2. d4 d5 3. Nc3 dxe4 4. Nxe4 Bf5 5. Ng3 Bg6 6. Nf3 Nd7 7. h4 h6 8. h5
Bh7 9. Bd3 Bxd3 10. Qxd3 e6 11. Bf4 Qa5+ 12. Nd2 Ngf6 13. c4 Be7 14. Qe2 O-O
15. O-O Rfe8 16. a3 Qb6 17. Nf3 a5 18. c5 Qa6 19. Rfe1 Nd5 20. Bd2 a4 21. Rac1
Reb8 22. Ne5 Qxe2 23. Rxe2 Nxe5 24. dxe5 b6 25. cxb6 Rxb6 26. Rc2 Rab8 27. Bc1
1/2-1/2

[Event "Bronshoj Lang Weekend 2015"]
[Site "Copenhagen"]
[Date "2015.02.08"]
[Round "5"]
[White "Kyrkjebo, Eirik"]
[Black "Haugaard, Thomas"]
[Result "1/2-1/2"]
[WhiteElo "1636"]
[BlackElo "1743"]
[PlyCount "67"]
[EventDate "2015.??.??"]
[EventType "swiss"]
[EventRounds "7"]
[EventCountry "DEN"]

1. e4 e5 2. Nf3 d6 3. Bc4 Nf6 4. Nc3 Be7 5. d3 O-O 6. Bg5 c6 7. Qd2 Be6 8. Rd1
Nbd7 9. O-O d5 10. exd5 cxd5 11. Bb3 d4 12. Ne2 Nd5 13. Rfe1 Nc7 14. Ng3 Bg4
15. Bxe7 Qxe7 16. Re4 Bxf3 17. gxf3 Kh8 18. f4 f6 19. Nf5 Qe8 20. Kh1 Nc5 21.
Re2 Nxb3 22. axb3 Qc6+ 23. Re4 g6 24. Ne7 Qd7 25. Qb4 Rfe8 26. fxe5 Qxe7 27.
Qxb7 f5 28. Rxd4 Qxe5 29. Rd7 Qe2 30. Ra1 Qxf2 31. Rxc7 Re1+ 32. Rxe1 Qxe1+ 33.
Kg2 Qe2+ 34. Kg1 1/2-1/2

[Event "Bronshoj Lang Weekend 2015"]
[Site "Copenhagen"]
[Date "2015.02.08"]
[Round "5"]
[White "Kyrkjebo, Marte Bakken"]
[Black "Pedersen, Thorben Landstrom"]
[Result "1-0"]
[WhiteElo "1630"]
[BlackElo "1650"]
[PlyCount "113"]
[EventDate "2015.??.??"]
[EventType "swiss"]
[EventRounds "7"]
[EventCountry "DEN"]

1. e4 e5 2. Nf3 Nc6 3. Nc3 Nf6 4. Bb5 a6 5. Bxc6 dxc6 6. Nxe5 Bb4 7. d3 O-O 8.
O-O Qd6 9. Nf3 Ng4 10. h3 Ne5 11. Nxe5 Qxe5 12. Ne2 Bd6 13. f4 Qh5 14. Ng3 Qh4
15. Qf3 Bc5+ 16. Be3 Qe7 17. d4 Bb6 18. c3 Bd7 19. Rae1 Ba7 20. f5 f6 21. Qf4
c5 22. dxc5 Rae8 23. b4 Bb5 24. Rf2 c6 25. Qf3 Rd8 26. Bd4 a5 27. a3 axb4 28.
axb4 Bb8 29. Nf1 Be5 30. Rd2 Bc4 31. Ne3 Bf7 32. Ng4 Bh5 33. Nxf6+ Rxf6 34.
Qxh5 Rh6 35. Qf3 Qh4 36. Bf2 Qg5 37. Rxd8+ Qxd8 38. Rd1 Qc7 39. Be3 Rf6 40. Bg5
Rf8 41. Rd3 Qf7 42. Bf4 Bf6 43. Bd6 Ra8 44. e5 Be7 45. e6 Qf6 46. Bxe7 Qxe7 47.
Rd7 Qf6 48. Qd1 h6 49. e7 Re8 50. Qd6 Kf7 51. Qxf6+ Kxf6 52. Rxb7 Rxe7 53. Rxe7
Kxe7 54. Kf2 Kf6 55. g4 Ke5 56. Ke3 h5 57. c4 1-0

[Event "Bronshoj Lang Weekend 2015"]
[Site "Copenhagen"]
[Date "2015.02.08"]
[Round "5"]
[White "Moe, Mogens"]
[Black "Kokholm, Daniel"]
[Result "1-0"]
[WhiteElo "2183"]
[BlackElo "1890"]
[PlyCount "93"]
[EventDate "2015.??.??"]
[EventType "swiss"]
[EventRounds "7"]
[EventCountry "DEN"]

1. e4 d6 2. d4 Nf6 3. Nc3 Nbd7 4. f4 e5 5. Nf3 exd4 6. Qxd4 c6 7. a4 d5 8. exd5
Bc5 9. Qc4 Qe7+ 10. Qe2 Qxe2+ 11. Bxe2 Nxd5 12. Nxd5 cxd5 13. Bd2 a5 14. O-O-O
O-O 15. Bb5 Nb6 16. Rhe1 Bd7 17. Bxd7 Nxd7 18. Bc3 Nb6 19. b3 Rfd8 20. Nd4 Rd7
21. Nf5 Bf8 22. Bd4 g6 23. Bxb6 gxf5 24. Re5 Ra6 25. Bd4 Rg6 26. g3 f6 27. Rxf5
Kf7 28. Rh5 Rh6 29. Rxh6 Bxh6 30. Bb6 Ke6 31. Bxa5 Kf5 32. Bb6 Bf8 33. c3 h5
34. b4 Be7 35. a5 h4 36. Kc2 hxg3 37. hxg3 Kg4 38. Rd3 Kf5 39. Re3 Bd6 40. Kd3
Bf8 41. b5 Bd6 42. Kd4 Kg4 43. a6 bxa6 44. bxa6 Bb8 45. Kc5 f5 46. Kc6 Rh7 47.
Kxd5 1-0

[Event "Bronshoj Lang Weekend 2015"]
[Site "Copenhagen"]
[Date "2015.02.08"]
[Round "5"]
[White "Moller, Arne"]
[Black "Kristensen, Lars Ostergaard"]
[Result "1/2-1/2"]
[WhiteElo "1904"]
[BlackElo "1660"]
[PlyCount "65"]
[EventDate "2015.??.??"]
[EventType "swiss"]
[EventRounds "7"]
[EventCountry "DEN"]

1. e4 c6 2. d4 d5 3. Nc3 dxe4 4. Nxe4 Bf5 5. Ng3 Bg6 6. Nf3 Nd7 7. Bd3 Bxd3 8.
Qxd3 e6 9. O-O Bd6 10. Re1 Ngf6 11. Nf5 Bf8 12. Bf4 g6 13. Nd6+ Bxd6 14. Bxd6
Nb6 15. Ba3 Qc7 16. b4 O-O 17. c4 Rfd8 18. Rac1 Rac8 19. Bb2 Na4 20. Ba1 Qe7
21. a3 Nb6 22. Qe3 Ne8 23. Ne5 Qf8 24. Ng4 Rc7 25. d5 h5 26. Qe5 Kh7 27. dxe6
Re7 28. Nf6+ Nxf6 29. Qxf6 Rxe6 30. Rxe6 fxe6 31. Qxf8 Rxf8 32. Kf1 Rf4 33. c5
1/2-1/2

[Event "Bronshoj Lang Weekend 2015"]
[Site "Copenhagen"]
[Date "2015.02.08"]
[Round "5"]
[White "Mouritsen, Jan"]
[Black "Jensen, Rolf"]
[Result "1-0"]
[WhiteElo "1856"]
[BlackElo "1673"]
[PlyCount "79"]
[EventDate "2015.??.??"]
[EventType "swiss"]
[EventRounds "7"]
[EventCountry "DEN"]

1. d4 Nf6 2. c4 e6 3. Nf3 d5 4. Nc3 c6 5. cxd5 exd5 6. Bg5 Be7 7. Qc2 O-O 8. e3
Bg4 9. Ne5 Bh5 10. Bd3 Bg6 11. Nxg6 fxg6 12. O-O Nbd7 13. Ne2 c5 14. dxc5 Nxc5
15. Nd4 Nxd3 16. Qxd3 Qd7 17. Rfd1 a6 18. Rac1 Rad8 19. Bf4 Bd6 20. Bxd6 Qxd6
21. h3 Ne4 22. Nf3 Rf5 23. Rc2 Rdf8 24. Qxe4 dxe4 25. Rxd6 exf3 26. Rd7 R5f7
27. Rxf7 Rxf7 28. Rc8+ Rf8 29. Rxf8+ Kxf8 30. gxf3 Kf7 31. Kg2 Kf6 32. Kg3 g5
33. f4 Kf5 34. fxg5 Kxg5 35. e4 Kf6 36. f4 Ke6 37. Kg4 Kf6 38. h4 b5 39. b4 Ke6
40. Kg5 1-0

[Event "Bronshoj Lang Weekend 2015"]
[Site "Copenhagen"]
[Date "2015.02.08"]
[Round "5"]
[White "Nielsen, Klaus"]
[Black "Petersen, Peter Birk"]
[Result "1/2-1/2"]
[WhiteElo "2094"]
[BlackElo "2158"]
[PlyCount "22"]
[EventDate "2015.??.??"]
[EventType "swiss"]
[EventRounds "7"]
[EventCountry "DEN"]

1. d4 g6 2. e4 Bg7 3. Nc3 d6 4. Be3 a6 5. Be2 Nd7 6. Qd2 b5 7. a3 Bb7 8. f3 c5
9. Nh3 cxd4 10. Bxd4 Ngf6 11. O-O O-O 1/2-1/2

[Event "Bronshoj Lang Weekend 2015"]
[Site "Copenhagen"]
[Date "2015.02.08"]
[Round "5"]
[White "Olsen, Michael Richard W"]
[Black "Gossili, Farid"]
[Result "1-0"]
[WhiteElo "2003"]
[BlackElo "1457"]
[PlyCount "69"]
[EventDate "2015.??.??"]
[EventType "swiss"]
[EventRounds "7"]
[EventCountry "DEN"]

1. Nf3 c5 2. g3 Nc6 3. Bg2 Nf6 4. O-O e6 5. c4 d5 6. cxd5 exd5 7. d4 Be7 8. Nc3
O-O 9. Bg5 c4 10. Ne5 Be6 11. Nxc6 bxc6 12. b3 cxb3 13. axb3 Nd7 14. Bxe7 Qxe7
15. Na4 Rfe8 16. Bf3 Bf5 17. Rc1 Rac8 18. Nc5 Nxc5 19. Rxc5 Qb7 20. Qa1 Re7 21.
Qa4 Rec7 22. Rfc1 h6 23. Kg2 Bd7 24. e3 Rb8 25. R1c3 Kh7 26. e4 Re8 27. exd5
Qc8 28. h4 Bh3+ 29. Kh2 Bf1 30. Bg2 Re1 31. d6 Bxg2 32. Kxg2 Qg4 33. Rf3 Rg1+
34. Kxg1 Qxf3 35. dxc7 1-0

[Event "Bronshoj Lang Weekend 2015"]
[Site "Copenhagen"]
[Date "2015.02.08"]
[Round "5"]
[White "Pawlak, Wojciech Zbigniew"]
[Black "Nielsen, Thomas"]
[Result "1-0"]
[WhiteElo "1736"]
[BlackElo "1632"]
[PlyCount "63"]
[EventDate "2015.??.??"]
[EventType "swiss"]
[EventRounds "7"]
[EventCountry "DEN"]

1. c4 e6 2. g3 g6 3. Bg2 Bg7 4. Nc3 Ne7 5. e4 b6 6. e5 c6 7. d4 Bb7 8. Nb5 Nc8
9. Bf4 g5 10. Qg4 a6 11. Nc3 h6 12. h4 f5 13. exf6 Bxf6 14. hxg5 Bxd4 15. gxh6
Qf6 16. Nge2 e5 17. Qh5+ Qf7 18. Qxf7+ Kxf7 19. Be3 Bxe3 20. fxe3 Kg6 21. Be4+
Kg5 22. h7 b5 23. cxb5 axb5 24. Nxb5 Ra4 25. Nbc3 Rb4 26. O-O-O d5 27. a3 Rb6
28. Bf3 Nd6 29. Rh5+ Kf6 30. Rh6+ Ke7 31. Rg6 Nf5 32. Nxd5+ 1-0

[Event "Bronshoj Lang Weekend 2015"]
[Site "Copenhagen"]
[Date "2015.02.08"]
[Round "5"]
[White "Pedersen, Jan Nordenbaek"]
[Black "Nilssen, Ellen Fredericia"]
[Result "1-0"]
[WhiteElo "2198"]
[BlackElo "1795"]
[PlyCount "55"]
[EventDate "2015.??.??"]
[EventType "swiss"]
[EventRounds "7"]
[EventCountry "DEN"]

1. e4 e6 2. d4 d5 3. Nc3 Bb4 4. a3 Bxc3+ 5. bxc3 Ne7 6. Bd3 O-O 7. Nf3 h6 8.
O-O Nd7 9. exd5 exd5 10. Re1 Nf6 11. Ne5 Bf5 12. Rb1 b6 13. a4 Bxd3 14. cxd3
Re8 15. a5 Nf5 16. Ba3 Re6 17. Qf3 Ne7 18. Nxf7 Rxe1+ 19. Rxe1 Kxf7 20. Rxe7+
Kg8 21. Qg3 Ne8 22. Qe5 bxa5 23. Qe6+ Kh7 24. Qf5+ Kh8 25. Qg6 Rb8 26. g3 Rb1+
27. Kg2 Rb8 28. Rf7 1-0

[Event "Bronshoj Lang Weekend 2015"]
[Site "Copenhagen"]
[Date "2015.02.08"]
[Round "5"]
[White "Stojanovski, Sandi"]
[Black "Nielsen, Viktor"]
[Result "1-0"]
[WhiteElo "2231"]
[BlackElo "2202"]
[PlyCount "117"]
[EventDate "2015.??.??"]
[EventType "swiss"]
[EventRounds "7"]
[EventCountry "DEN"]

1. Nf3 Nf6 2. c4 e6 3. g3 c5 4. Bg2 Nc6 5. O-O Be7 6. d4 cxd4 7. Nxd4 Nxd4 8.
Qxd4 Qc7 9. Nc3 a6 10. Bf4 d6 11. Qd3 O-O 12. Rac1 Rd8 13. c5 e5 14. cxd6 Qxd6
15. Qxd6 Bxd6 16. Be3 Re8 17. Rfd1 Bf8 18. Bg5 Be7 19. Bxf6 Bxf6 20. Nd5 Rb8
21. Nxf6+ gxf6 22. Rc7 b6 23. Bd5 Be6 24. Bxe6 Rxe6 25. Rdd7 Rf8 26. e4 Kg7 27.
Kf1 Kg6 28. Ke2 b5 29. Kd3 Ree8 30. Rc6 Rd8 31. Rdd6 Rxd6+ 32. Rxd6 Ra8 33. f4
Kg7 34. a3 Ra7 35. b3 exf4 36. gxf4 h5 37. h4 Ra8 38. Kd4 Ra7 39. Kd3 Ra8 40.
Kd4 Ra7 41. Kc5 Rc7+ 42. Kb4 Re7 43. Rxa6 Rxe4+ 44. Kxb5 Rxf4 45. Rc6 Rxh4 46.
a4 Rh1 47. a5 Ra1 48. Rc4 Kg6 49. a6 Re1 50. a7 Re8 51. b4 Kg5 52. Ka6 h4 53.
b5 h3 54. b6 h2 55. Rc1 Rc8 56. Rh1 Rc2 57. a8=Q Ra2+ 58. Kb7 Rxa8 59. Kxa8 1-0

[Event "Bronshoj Lang Weekend 2015"]
[Site "Copenhagen"]
[Date "2015.02.08"]
[Round "5"]
[White "Tandrup, Michael"]
[Black "Kyrkjebo, Hanna Bakken"]
[Result "1-0"]
[WhiteElo "1958"]
[BlackElo "1815"]
[PlyCount "69"]
[EventDate "2015.??.??"]
[EventType "swiss"]
[EventRounds "7"]
[EventCountry "DEN"]

1. d4 d5 2. Nf3 Nf6 3. c4 c6 4. Qc2 a6 5. g3 Bg4 6. Bg2 e6 7. O-O Nbd7 8. Nbd2
Be7 9. e4 O-O 10. Ne5 Bh5 11. h3 Nxe5 12. dxe5 Nxe4 13. Nxe4 dxe4 14. Bxe4 Bg6
15. h4 Bxe4 16. Qxe4 Qb6 17. b3 Rfd8 18. Be3 Bc5 19. Bxc5 Qxc5 20. Rad1 Qe7 21.
Qe3 Qc7 22. Qc5 b6 23. Qe3 c5 24. Qe4 Rab8 25. f4 Rd7 26. f5 Rxd1 27. Rxd1 exf5
28. Qxf5 Rd8 29. Rd5 Qe7 30. Kf2 h6 31. Kf3 g6 32. Qe4 Qe8 33. Qd3 h5 34. Kg2
Qe6 35. a3 1-0

[Event "Bronshoj Lang Weekend 2015"]
[Site "Copenhagen"]
[Date "2015.02.08"]
[Round "5"]
[White "Tolba, Henri"]
[Black "Henriksen, Christian Steen"]
[Result "1/2-1/2"]
[WhiteElo "1753"]
[BlackElo "1837"]
[PlyCount "103"]
[EventDate "2015.??.??"]
[EventType "swiss"]
[EventRounds "7"]
[EventCountry "DEN"]

1. Nf3 Nf6 2. d4 g6 3. c4 c5 4. d5 b5 5. cxb5 a6 6. bxa6 Bxa6 7. Nc3 d6 8. e4
Bxf1 9. Kxf1 Bg7 10. g3 Nbd7 11. Qc2 O-O 12. Kg2 Qa5 13. a3 Rfb8 14. Re1 Ng4
15. Bg5 Rxb2 16. Qxb2 Bxc3 17. Qc1 Bxa1 18. Qxa1 f6 19. h3 Nge5 20. Nxe5 Nxe5
21. Be3 Qxa3 22. Qxa3 Rxa3 23. Rb1 Ra7 24. Bh6 Kf7 25. Rb8 g5 26. f4 Nd7 27.
Rd8 Kg6 28. Bf8 Nxf8 29. Rxf8 gxf4 30. gxf4 Rc7 31. Rg8+ Kf7 32. Rg3 e6 33. Ra3
c4 34. dxe6+ Kxe6 35. Rc3 d5 36. exd5+ Kxd5 37. Kf3 Kd4 38. Rc1 Kd3 39. Rd1+
Kc2 40. Rd6 c3 41. Rxf6 Rd7 42. f5 Kd2 43. Rc6 Rd3+ 44. Kg4 c2 45. Rxc2+ Kxc2
46. f6 Rd1 47. Kf5 Rf1+ 48. Ke6 Re1+ 49. Kf5 Rf1+ 50. Ke6 Re1+ 51. Kf5 Rf1+ 52.
Ke6 1/2-1/2

[Event "Bronshoj Lang Weekend 2015"]
[Site "Copenhagen"]
[Date "2015.02.09"]
[Round "6"]
[White "Andersen, Daniel"]
[Black "Kyrkjebo, Hanna Bakken"]
[Result "0-1"]
[WhiteElo "1930"]
[BlackElo "1815"]
[PlyCount "78"]
[EventDate "2015.??.??"]
[EventType "swiss"]
[EventRounds "7"]
[EventCountry "DEN"]

1. c4 e5 2. Nc3 Nc6 3. Nf3 f5 4. d4 e4 5. Ne5 Nf6 6. h3 d6 7. Nxc6 bxc6 8. Bf4
Be7 9. e3 O-O 10. Be2 Be6 11. d5 Bd7 12. dxc6 Bxc6 13. b4 a5 14. b5 Be8 15. O-O
Bf7 16. Qb3 Nd7 17. Rfd1 Nc5 18. Qc2 Qb8 19. Rab1 Rd8 20. b6 c6 21. Na4 Nxa4
22. Qxa4 Qb7 23. f3 c5 24. Rd2 Ra6 25. Qb3 a4 26. Qc2 Rxb6 27. Rxb6 Qxb6 28.
Qxa4 Qb7 29. fxe4 fxe4 30. Qd1 d5 31. cxd5 Rxd5 32. Bc4 Rxd2 33. Bxf7+ Kxf7 34.
Qxd2 Qb1+ 35. Kf2 Qd3 36. Qxd3 exd3 37. Ke1 c4 38. Be5 Bb4+ 39. Kd1 c3 0-1

[Event "Bronshoj Lang Weekend 2015"]
[Site "Copenhagen"]
[Date "2015.02.09"]
[Round "6"]
[White "Andersen, Rune"]
[Black "Aabling Thomsen, Jakob"]
[Result "0-1"]
[WhiteElo "2056"]
[BlackElo "2327"]
[PlyCount "48"]
[EventDate "2015.??.??"]
[EventType "swiss"]
[EventRounds "7"]
[EventCountry "DEN"]

1. d4 g6 2. e4 d6 3. c3 Nf6 4. Bd3 Bg7 5. Nf3 O-O 6. O-O c5 7. Nbd2 cxd4 8.
cxd4 Nc6 9. a3 Nh5 10. Nb3 a5 11. d5 Nb8 12. Rb1 Nd7 13. a4 Nc5 14. Nxc5 dxc5
15. Be3 b6 16. Bc4 Kh8 17. Re1 Qc7 18. h3 Bd7 19. b3 Rad8 20. Qd2 f5 21. exf5
Bxf5 22. Nh4 Bxb1 23. Rxb1 Nf4 24. Nf3 Nxh3+ 0-1

[Event "Bronshoj Lang Weekend 2015"]
[Site "Copenhagen"]
[Date "2015.02.09"]
[Round "6"]
[White "Christensen, Esben"]
[Black "Pedersen, Jan Nordenbaek"]
[Result "0-1"]
[WhiteElo "2043"]
[BlackElo "2198"]
[PlyCount "60"]
[EventDate "2015.??.??"]
[EventType "swiss"]
[EventRounds "7"]
[EventCountry "DEN"]

1. e4 c5 2. Nf3 Nc6 3. d4 cxd4 4. Nxd4 Nf6 5. Nc3 e5 6. Ndb5 d6 7. a4 a6 8. Na3
Bg4 9. f3 Be6 10. Bc4 Rc8 11. Nd5 Ne7 12. Nxf6+ gxf6 13. Bxe6 fxe6 14. c4 Nc6
15. O-O Bg7 16. f4 O-O 17. f5 exf5 18. Rxf5 Qb6+ 19. Kh1 Qd4 20. Qe2 Ne7 21.
Rf3 f5 22. exf5 Rxf5 23. Rxf5 Nxf5 24. Bg5 e4 25. Rd1 Qe5 26. g3 e3 27. Bf4
Qe4+ 28. Kg1 Re8 29. Re1 Nd4 30. Qxe3 Nf3+ 0-1

[Event "Bronshoj Lang Weekend 2015"]
[Site "Copenhagen"]
[Date "2015.02.09"]
[Round "6"]
[White "Haugaard, Thomas"]
[Black "Gulbrandsen, Mats Lundh"]
[Result "0-1"]
[WhiteElo "1743"]
[BlackElo "1618"]
[PlyCount "72"]
[EventDate "2015.??.??"]
[EventType "swiss"]
[EventRounds "7"]
[EventCountry "DEN"]

1. e4 c5 2. Nc3 d6 3. g3 g6 4. Bg2 Bg7 5. Nge2 e6 6. O-O Ne7 7. d3 O-O 8. Be3
Nbc6 9. Qd2 Re8 10. Rae1 b6 11. Nd1 Ba6 12. f4 f5 13. h3 h5 14. g4 hxg4 15.
hxg4 Qc7 16. Ng3 Kf7 17. c3 Rh8 18. Kf2 fxg4 19. Rh1 Bf6 20. Rxh8 Rxh8 21. Rh1
Bh4 22. Bf1 Bxg3+ 23. Kg2 Rxh1 24. Kxh1 Qd8 25. Qg2 Qh8+ 26. Kg1 Qh4 27. Bf2
Bxf2+ 28. Nxf2 g3 29. Nh1 Qxf4 30. Nxg3 Ne5 31. Qh3 Nf3+ 32. Kg2 Ne1+ 33. Kg1
Bxd3 34. Bxd3 Nxd3 35. Qg2 Qe3+ 36. Kh2 Qf2 0-1

[Event "Bronshoj Lang Weekend 2015"]
[Site "Copenhagen"]
[Date "2015.02.09"]
[Round "6"]
[White "Henriksen, Christian Steen"]
[Black "Pawlak, Wojciech Zbigniew"]
[Result "1/2-1/2"]
[WhiteElo "1837"]
[BlackElo "1736"]
[PlyCount "131"]
[EventDate "2015.??.??"]
[EventType "swiss"]
[EventRounds "7"]
[EventCountry "DEN"]

1. d4 Nf6 2. c4 g6 3. Nc3 d5 4. cxd5 Nxd5 5. e4 Nxc3 6. bxc3 Bg7 7. Bc4 c5 8.
Ne2 Nc6 9. Be3 O-O 10. O-O Na5 11. Bd3 cxd4 12. cxd4 Be6 13. Qa4 Bd7 14. Qb4 e6
15. Rac1 b6 16. Qd2 Bc6 17. Rc3 Qd7 18. Rfc1 Rac8 19. Ba6 Bb7 20. Bxb7 Qxb7 21.
Qc2 Rxc3 22. Qxc3 Qxe4 23. Qc7 e5 24. d5 Qxd5 25. Qxa7 Nc4 26. Bxb6 Nxb6 27.
Qxb6 Qxa2 28. Ng3 Qd2 29. Qc6 Rd8 30. h3 h5 31. Ne4 Qe2 32. Nf6+ Bxf6 33. Qxf6
Rd1+ 34. Rxd1 Qxd1+ 35. Kh2 Qd4 36. Kg1 Qd1+ 37. Kh2 e4 38. Qe5 Qd3 39. Qb8+
Kh7 40. Qf4 Qd5 41. Kg1 Kg7 42. Qc7 Qd4 43. Qf4 Qc4 44. Qe5+ Kh7 45. Qf4 Qe6
46. Qe3 Kg7 47. Qf4 Qf5 48. Qd6 Qe6 49. Qf4 f5 50. Qc7+ Qf7 51. Qe5+ Qf6 52.
Qc7+ Kh6 53. Qc1+ g5 54. Qe3 Qa1+ 55. Kh2 Qe5+ 56. Kg1 Kg6 57. Qb6+ Qf6 58. Qb3
h4 59. Qg8+ Qg7 60. Qe6+ Qf6 61. Qd5 Qa1+ 62. Kh2 Qb2 63. Qe6+ Qf6 64. Qd5 Qf7
65. Qe5 Qf6 66. Qd5 1/2-1/2

[Event "Bronshoj Lang Weekend 2015"]
[Site "Copenhagen"]
[Date "2015.02.09"]
[Round "6"]
[White "Holmsgaard, Henrik"]
[Black "Bekker Jensen, Simon"]
[Result "0-1"]
[WhiteElo "2275"]
[BlackElo "2452"]
[PlyCount "118"]
[EventDate "2015.??.??"]
[EventType "swiss"]
[EventRounds "7"]
[EventCountry "DEN"]

1. e4 e5 2. Nf3 Nc6 3. Bc4 Bc5 4. c3 Nf6 5. d3 O-O 6. Bb3 d5 7. Qe2 h6 8. O-O
Re8 9. Nbd2 a6 10. exd5 Nxd5 11. Ne4 Be7 12. Ng3 Nf4 13. Bxf4 exf4 14. Ne4 Bg4
15. d4 Bf8 16. Qd3 Bf5 17. Rfe1 g5 18. Nfd2 Bg7 19. Qf3 Ne7 20. Nc4 Ng6 21.
Ned2 Rxe1+ 22. Rxe1 c6 23. Qd1 b5 24. Ne5 Nxe5 25. dxe5 Qd3 26. Nf3 c5 27. e6
c4 28. exf7+ Kxf7 29. Qxd3 Bxd3 30. Bd1 Rd8 31. h4 Rd5 32. hxg5 hxg5 33. Nd2
Bg6 34. Nf3 Bf6 35. a3 Bf5 36. Be2 Kg6 37. Rd1 Rxd1+ 38. Bxd1 Be4 39. Nd2 Bb7
40. Bc2+ Kf7 41. Be4 Bc8 42. Bd5+ Kg6 43. Ne4 Be7 44. f3 Kf5 45. Kf2 g4 46. Ke2
Ke5 47. Bc6 g3 48. Ba8 Bd8 49. Bc6 Bb6 50. Ba8 Be3 51. a4 Bc1 52. axb5 axb5 53.
Bc6 b4 54. Nd2 Kd6 55. Be4 Kc5 56. cxb4+ Kxb4 57. Kd1 Bxb2 58. Bd5 c3 59. Nc4
Bf5 0-1

[Event "Bronshoj Lang Weekend 2015"]
[Site "Copenhagen"]
[Date "2015.02.09"]
[Round "6"]
[White "Jacobsen, Mikkel Manosri"]
[Black "Fredericia, Louise Winther"]
[Result "1/2-1/2"]
[WhiteElo "2145"]
[BlackElo "2064"]
[PlyCount "67"]
[EventDate "2015.??.??"]
[EventType "swiss"]
[EventRounds "7"]
[EventCountry "DEN"]

1. d4 g6 2. Nf3 Bg7 3. c4 d6 4. Nc3 Nd7 5. Bg5 c5 6. e3 Ngf6 7. Be2 O-O 8. O-O
a6 9. Rb1 b6 10. b4 Qc7 11. a4 Re8 12. Qc2 Bb7 13. Rfd1 cxd4 14. exd4 e5 15.
dxe5 Nxe5 16. Bxf6 Bxf6 17. Nd5 Bxd5 18. Rxd5 Nxf3+ 19. Bxf3 Rac8 20. Rc1 Qxc4
21. Qxc4 Rxc4 22. Rcd1 Rxb4 23. Rxd6 Bd4 24. g3 Bc5 25. R6d2 Re6 26. Ra2 Rf6
27. Bb7 b5 28. axb5 axb5 29. Kg2 Ra4 30. Rc2 Rc4 31. Rxc4 Rxf2+ 32. Kh1 bxc4
33. Rc1 Rb2 34. Bd5 1/2-1/2